000 01250nam a22003617a 4500
003 CHAP
005 20220329134214.0
008 971013s1980 r 00010 d
010 _a16950
011 _a17922
035 _a22006
040 _cCHAP
090 _aTesis
100 0 0 _aGonzález Garza, Nabor.
_948946
245 _aRelación taxonómica entre la roya del enebro (Juniperus sp.) y la roya del tejocote (Crataegus sp.)
260 _aChapingo, Méx. :
_bEl autor,
_c1980
300 _a61 h.
502 _aTesis (M.C. Esp. en Fitopatología) -- Colegio de Postgraduados. Centro de Fitopatología
590 _aALEPH
_b10
_c20130110
_lUCH01
_h1239
590 _aBATCH-UPD
_b10
_c20130109
_lUCH01
_h2333
590 _aBATCH-UPD
_b10
_c20130110
_lUCH01
_h2253
590 _aBATCH-UPD
_b10
_c20130410
_lUCH01
_h1547
590 _aBATCH-UPD
_b10
_c20130914
_lUCH01
_h1034
590 _aCONVERSION
_b10
_c20130109
_lUCH01
_h1310
650 1 4 _aConíferas
_xEnfermedades.
_927240
650 1 4 _aGymnosporangium.
_952056
650 1 4 _aTejocote
_xEnfermedades.
_9112043
901 _aBK
942 _cFOLL
949 _bBC
_cTES
_d-51237
_eTS1
_i22006
_si
949 _bBC
_cTES
_d-51239
_eTS2
_fc.2
_i22006
_si
949 _bBC
_cTES
_d-51240
_eTS2
_fc.3
_i22006
_si
999 _c16950
_d16950